000 01273nam0a22003371 4500
001 RU\INFOCOMM_322\NLR\5000103639
005 20260628153226.0
035 _a(NLR Aleph) 010590856
090 _a13739558
_c13739558
100 _a20121212d1974 |||y0rusy50 ba
101 1 _ahun
102 _aUA
105 _aa z||||
200 1 _aKözgazdasági alapismeretek munkások számára
_fA. A. Baranov , V. A. Medvegyev, V. Sz. Moldavan [и др.]
_g[A szerzői kollektíva vezetője: A. F. Rumjancev prof.]
210 _aUzshorod
_c"Kárpáti"
_d1974
215 _a352 с.
_cдиагр.
_d20 см
225 1 _aKözgazdasági oktatási rendszer
300 _aВ вып. дан.: Основы экономических знаний. Учебное пособие для рабочих
606 0 _aЭкономика
_jРуководства, пособия
_91414491
_3RU\NLR\AUTH\66284709
620 _aУжгород
686 _aУя7
_2rubbk
701 1 _aBaranov
_bA. A.
_gAleksandr Alekseevič
701 1 _aMedvedev
_bV. A.
701 1 _aMoldavan
_bV. S.
702 1 _aRumjancev
_bA. F.
_gAleksej Fedorovič
_4340
801 0 _aRU
_bINFOCOMM
_gPSBO
801 1 _aRU
_bNLR
_c20121212
852 _aNLR
_jЭк11 Д-3/26
942 _cBOOK
980 _aNB